000 00449nam a2200181Ia 4500
001 10728
005 20260306161853.0
008 260306t1943||||xx |||||||||||||| ||spa||
041 _aESP
082 _a946.2
_bC75 T. 1
100 _aColoma, P. Luis
_eAUT
245 0 _aJeromin I:
_bestudios históricos sobre el siglo XVI
260 _c1943
300 _a245 páginas :
_c19 cm.
650 _aGEN
654 _aCHU
942 _cLIB
_dJUS
_fJUS
_2ddc
_n
999 _c10728
_d10728